000 01062cam a22003015a 4500
001 16631880
005 20161027124018.0
008 110131t2011 caua frbd 001 0 eng d
010 _a 2011002867
020 _a9781412996792 (cloth)
040 _aDLC
_beng
_cDLC
_dDLC
_dEG-ScBUE
082 0 4 _a320.58
_bGRE
_222
245 0 0 _aGreen politics :
_ban A-to-Z guide /
_cDustin Mulvaney, general editor.
260 _aLos Angeles :
_bSage Publications,
_cc.2011.
300 _axxxi, 503 p. :
_bill. ;
_c27 cm.
490 0 _aSage reference series on green society : toward a sustainable future
500 _aIndex : p. 463-503.
500 _aIncludes glossary.
504 _aBibliography : p. 453-457.
650 0 _aEnvironmental policy.
_2BUEsh
650 0 _aEnvironmental protection
_xPolitical aspects.
_2BUEsh
650 0 _aConservation of natural resources
_xPolitical aspects.
_2BUEsh
650 0 _aSustainability
_xPolitical aspects.
_2BUEsh
651 _2BUEsh
653 _bENGGEN
_cOctober2016
700 1 _aMulvaney, Dustin,
_eeditor.
942 _2ddc
999 _c22886
_d22858